Editions Magic: the Gathering - Statistiques

Statistiques générales
  • Ce quiz a été pris 111 fois
  • Le résultat moyen est 28 sur 101
Statistiques - réponses
Année Editions % Correct
1993 Alpha
71%
1993 Beta
69%
2005 Ravnica
58%
2017 Ixalan
53%
2003 Mirrodin
53%
2009 Zendikar
53%
2018 Dominaria
51%
2011 Innistrad
49%
1993 Arabian nights
44%
2002 Carnage
44%
1995 Ere glaciaire
44%
2019 Trône d'Eldraine
44%
2019 Guerre des planeswalkers
38%
1994 The Dark
38%
2017 Amonkhet
36%
1998 Epopée d'Urza
36%
1993 Unlimited
36%
2002 Légions
35%
2007 Lorwyn
35%
1997 Tempête
35%
2013 Théros
35%
2003 Fléau
33%
1994 Revised
33%
2004 Sombracier
33%
2006 Spirale temporelle
33%
2021 Strixhaven
33%
2023 Tous phyrexians
33%
2004 Cinquième aube
31%
2022 Guerre fratricide
31%
2004 Guerriers de Kamigawa
31%
1999 Héritage d'Urza
31%
2000 Invasion
31%
1996 Mirage
31%
2022 Dominaria uni
29%
2020 Ikoria
29%
2002 Jugement
29%
2016 Kaladesh
29%
1994 Legends
29%
2008 Lèveciel
29%
2023 L'invasion des machines
29%
1999 Masques de Mercadia
29%
2001 Odyssée
29%
2006 Pacte des guildes
29%
1997 Aquilon
27%
2009 Conflux
27%
2008 Eclats d'Alara
27%
2005 Libérateurs de Kamigawa
27%
1995 Terres natales
27%
2005 Traîtres de Kamigawa
27%
1997 Visions
27%
2007 Chaos planaire
25%
2021 Innistrad: Chasse de minuit
25%
2021 Kaldheim
25%
2022 Kamigawa: la dynastie néon
25%
2020 Renaissance de Zendikar
25%
2012 Retour sur Ravnica
25%
1994 Antiquities
24%
2021 Innistrad: Noce écarlate
24%
2016 Lune hermétique
24%
2011 Nouvelle Phyrexia
24%
2008 Sombrelande
24%
2016 Ténèbres sur Innistrad
24%
2007 Vision de l'avenir
24%
2010 Worldwake
24%
2001 Apocalypse
22%
2012 Avacyn ressuscitée
22%
2010 Cicatrices de Mirrodin
22%
1999 Destinée d'Urza
22%
2006 Discorde
22%
1998 Exode
22%
1998 Forteresse
22%
2018 Guildes de Ravnica
22%
2014 Khans de Tarkir
22%
2013 Labyrinthe du dragon
22%
2023 Le jour d'après
22%
2011 Mirrodin assiégé
22%
2001 Planeshift
22%
2000 Prophétie
22%
2009 Renaissance d'Alara
22%
2017 Âge de la destruction
20%
2018 Combattants d'Ixalan
20%
2008 Coucheciel
20%
2022 Rues de la Nouvelle Capenna
20%
2016 Serment des sentinelles
20%
2010 Ascension des Eldrazi
18%
2015 Dragons de Tarkir
18%
2013 Insurrection
18%
2017 Révolte éthérique
18%
2006 Souffle glaciaire
18%
2015 Bataille de Zendikar
16%
2014 Créations divines
16%
2020 Théros par-delà la mort
16%
2002 Tourment
16%
2019 Allégeance de Ravnica
15%
1996 Alliances
15%
2014 Incursion dans Nyx
15%
2012 Obscure ascension
15%
2015 Destin reforgé
13%
1994 Fallen empires
13%
2021 Donjons & dragons
11%
2000 Nemesis
9%
Aucun quiz correspondant
Distribution des résultats
% des personnes avec chaque résultat
Percentile par nombre de réponses
Votre historique - résultats
Vous n’avez pas pris ce quiz